000 01563nam0a2200385 4500
001 RU\NLR\BIBL_A\011646314
005 20240624160436.0
010 _a978-5-17-106869-1
_bИстория в одном томе
010 _a978-5-17-085857-6
_bСтраницы истории
_91500
021 _aRU
_bКН-П-18-007750
_9КН-П-18-0531
021 _aRU
_bКН-П-18-010603
_9КН-П-18-0741
035 _a(NLR Aleph) 011646314
035 _a(RuMoRGB)009535033
090 _a11106707
_c11106707
100 _a20180302d2018 u y0rusy50 ca
101 1 _arus
_ceng
102 _aRU
105 _ay zzzz||000zy
200 1 _aАвгустовские пушки
_fБарбара Такман
_g[перевод с английского А. Милюкова]
210 _aМосква
_cАСТ
_d2018
215 _a571 с.
_d22
225 1 _aИстория в одном томе
300 _aЗагл. и авт. ориг.: The guns of august / Barbara W. Tuchman
320 _aБиблиогр. в примеч.: с. 568-569
333 _a16+
454 0 _12001#$aThe guns of august
_1700#1$aTuchman$bB. W.$f1912–1989$gBarbara W
606 1 _aПервая мировая война
_z1914 - 1918
_xВоенные операции
_z1914
_2nlr_sh1
_2nlr_sh2
_3RU\NLR\AUTH\661469608
686 1 _aЦ35(0)532.22
686 1 _aТ3(0)532.3
700 1 _aТакман
_bБ.
_f1912–1989
_gБарбара
942 _cBOOK
980 _aNBR
980 _aNB